Drużyny Ekstraklasy 2023/24 - Statystyki

Ogólne statystyki
  • Ten quiz został rozwiązany 56 razy
  • Średni wynik to 15 z 18
Statystyki odpowiedzi
Klub % Poprawnych
Legia Warszawa
100%
Lech Poznań
94%
Raków Częstochowa
94%
Jagiellonia
88%
Cracovia
86%
Śląsk Wrocław
86%
ŁKS Łódź
82%
Widzew Łódź
82%
Pogoń Szczecin
80%
Ruch Chorzów
80%
Górnik Zabrze
78%
Korona Kielce
78%
Puszcza Niepołomice
78%
Warta Poznań
76%
Piast Gliwice
75%
Zagłębie Lubin
67%
Radomiak Radom
65%
Stal Mielec
65%
Nie znaleziono quizów pasujących do podanych kryteriów
Rozkład punktacji
Procent ludzi z każdym wynikiem
Percentyl według liczby udzielonych odpowiedzi
Twoja historia wyników
Nie rozwiązałeś tego quizu